Missing Word: 2000s Disney Quiz Stats

 Plays Quiz Updated Feb 5, 2013

Support Sporcle.
Go Orange.
Score 0/20 Timer 04:00
0 Plays Today
Disney Feature Word % Correct
_____ & StitchLilo
96.2%
Hannah _____ : The MovieMontana
94.3%
The _____ and the FrogPrincess
94%
The Greatest Game _____ PlayedEver
94%
Beverly _____ ChihuahuaHills
93.5%
The Emperor's New _____Groove
91.4%
Herbie: Fully _____Loaded
88.2%
Home on the _____Range
83%
Bedtime _____Stories
78.2%
The _____ McGuire MovieLizzie
77.7%
Disney Feature Word % Correct
America's _____ and SoulHeart
73%
Return to _____ LandNever
70.8%
G-_____Force
70%
The Princess _____Diaries
68.3%
_____ : The Lost EmpireAtlantis
67%
_____ LittleChicken
62.4%
National Treasure: Book of _____Secrets
58.9%
Treasure _____Planet
52%
Meet the _____Robinsons
51.6%
_____ to Witch MountainRace
48.6%

Today's Daily Dose

Word Ladder
ING Words

Get the Picture
Nearest Volcano

From the Vault

Computer Hardware Parts

by alinrotundu

Science 2m
Build your own PC in 15 clicks.
Remove Ads.
Support Sporcle.
Get the best of Sporcle when you Go Orange. This ad-free experience offers more features, more stats, and more fun while also helping to support Sporcle. Thank you for becoming a member.

Show Comments

Extras

Top Quizzes Today


Score Distribution

Your Account Isn't Verified!

In order to create a playlist on Sporcle, you need to verify the email address you used during registration. Go to your Sporcle Settings to finish the process.

Report this User

Report this user for behavior that violates our Community Guidelines.

Details: